Statistics for Avatar The Last Airbender Trivia

Click here to take the quiz!

General Stats

  • This quiz has been taken 135 times
  • The average score is 26 of 48

Answer Stats

HintAnswer% Correct
Firelord Ozai renamed himself the _______ ____Phoenix King
89%
Roku’s best friendSozin
82%
Aang teaches his Fire Nation classmates how to _____dance
78%
Katara’s first crushJet
77%
The warden on the Boiling Rock was the uncle of ___Mai
76%
Jet's group nameThe Freedom Fighters
75%
Zuko got his scar from an ____ ___ duel against his fatherAgni Kai
75%
Mai, Azula, and Tai Lee disguised as what group to infiltrate Ba Sing SeThe Kyoshi Warriors
75%
Aang’s age at the beginning of the series112
74%
Representation of the Fire Lord by TophMelon Lord
74%
Sokka and Momo got high oncactus juice
73%
Sokka’s sword materialmeteorite
68%
Zuko lets go of this identity at Lake LaogaiThe Blue Spirit
68%
Acquaintance Sokka sees in the Boiling Rock, not his dadSuki
66%
Compartment in Aang's new glider that came in handysnack
64%
The person who killed Katara’s mother was part of ___ ________ _______The Southern Raiders
63%
Jeong Jeong’s former student, not AangZhao
61%
Zuko uses his uncle's ______ to track him down with the help of June's shirshusandal
61%
Person that Avatar Kyoshi killedChin the Conquerer
60%
Fire Lord Sozin used this to wipe out the air nationSozin’s comet
60%
Uncle Iroh taught Zuko how toredirect lightning
57%
First nickname Sokka gave to the assassin Zuko sent after AangSparky Sparky Boom Man
56%
Group of people Admiral Zhao hires to kill Zukothe pirates
55%
In the episode "The Painted Lady", what did Katara feed Appa to prolong their stay?purple berries
54%
Zuko says tea is just ___ ____ _____hot leaf juice
53%
King Bumi mistakened “let us leave” for _______ ____lettuce leaf
53%
...and said Zuko was _____ __ __ ____lucky to be born
51%
Zuko told Aang that his father said Azula was ____ _____...born lucky
50%
Sokka said the Spirit World did not have _ ________a bathroom
50%
Sokka chose to go where for his vacation with Team AvatarThe Library
49%
Katara's name when she disguised as Aang's momSapphire Fire
48%
Sokka and Katara's illnesses were cured after they sucked on ______ ____ _____frozen wood frogs
47%
The name of the dance that Aang and Zuko learned in the "Sun Warriors" episodeThe Dancing Dragon
46%
Guru Pathik drank _____ ___ ______ _____onion and banana juice
46%
Toph said that the sandbenders did this to Appamuzzled
46%
Aang’s initial punishment in the “Avatar Day” episodeto be boiled in oil
45%
Where Aang was when he was supposedly loston a lion turtle
43%
Sokka's name when he disguised as Aang's dadWang Fire
42%
Most hated episodeThe Great Divide
42%
Episode that revealed Aang and Zuko’s backstoriesThe Storm
41%
Event where Aang first met TophEarth Rumble VI
41%
Sense Toph has that allows her to locate objectsseismic
39%
Sokka mocks Zuko's firebending by calling it ___________jerkbending
35%
Bumi hopes that Aang will think like a ___ ______ when facing the firelordmad genius
35%
When Sokka was stuck in the hole, he talked to asabertooth moose lion cub
31%
In “The Fortuneteller”, Aang went to get a _____ ____ for Katara before realizing the volcano was going to eruptpanda lily
26%
What was inscribed on Zuko’s dagger, other than “Made in Earth Kingdom”Never give up without a fight
25%
Bumi tells Aang to find an earthbending teacher who _____ ___ _______ ______ ________waits and listens before striking
23%

Score Distribution

Percentile by Number Answered

Percent of People with Each Score

Your Score History

You have not taken this quiz